Real analysis and applications theory in practice (Record no. 16682)
[ view plain ]
| 000 -LEADER | |
|---|---|
| fixed length control field | 00960nam a2200445 a 4500 |
| 000 - LEADER | |
| fixed length control field | BKB |
| 001 - CONTROL NUMBER | |
| control field | 154101 |
| 005 - DATE AND TIME OF LATEST TRANSACTION | |
| control field | 20200902161212.0 |
| 008 - FIXED-LENGTH DATA ELEMENTS--GENERAL INFORMATION | |
| fixed length control field | 170304 ### HIN |
| 010 ## - LIBRARY OF CONGRESS CONTROL NUMBER | |
| LC control number | |
| 020 ## - INTERNATIONAL STANDARD BOOK NUMBER | |
| International Standard Book Number | 9780387980973 |
| 082 ## - DEWEY DECIMAL CLASSIFICATION NUMBER | |
| Classification number | 515 |
| Item number | D28R |
| 100 ## - MAIN ENTRY--PERSONAL NAME | |
| Personal name | Davidson, Kenneth R. |
| 110 ## - MAIN ENTRY--CORPORATE NAME | |
| Corporate name or jurisdiction name as entry element | |
| 245 ## - TITLE STATEMENT | |
| Title | Real analysis and applications theory in practice |
| Statement of responsibility, etc | by Kenneth R. Davidson and Allan P. Donsig |
| 250 ## - EDITION STATEMENT | |
| Edition statement | |
| 260 ## - PUBLICATION, DISTRIBUTION, ETC. (IMPRINT) | |
| Place of publication, distribution, etc | New York |
| Name of publisher, distributor, etc | Springer |
| Date of publication, distribution, etc | 2010 |
| 300 ## - PHYSICAL DESCRIPTION | |
| Extent | xii, 513p. |
| 490 ## - SERIES STATEMENT | |
| Series statement | Undergraduate Texts in Mathematics |
| Volume number/sequential designation | |
| 500 ## - GENERAL NOTE | |
| General note | |
| 600 ## - SUBJECT ADDED ENTRY--PERSONAL NAME | |
| Personal name | |
| 610 ## - SUBJECT ADDED ENTRY--CORPORATE NAME | |
| Corporate name or jurisdiction name as entry element | |
| 611 ## - SUBJECT ADDED ENTRY--MEETING NAME | |
| Meeting name or jurisdiction name as entry element | |
| 630 ## - SUBJECT ADDED ENTRY--UNIFORM TITLE | |
| Uniform title | |
| 650 ## - SUBJECT ADDED ENTRY--TOPICAL TERM | |
| Topical term or geographic name as entry element | |
| 651 ## - SUBJECT ADDED ENTRY--GEOGRAPHIC NAME | |
| Geographic name | |
| 654 ## - SUBJECT ADDED ENTRY--FACETED TOPICAL TERM | |
| Focus term | |
| 690 ## - LOCAL SUBJECT ADDED ENTRY--TOPICAL TERM (OCLC, RLIN) | |
| Topical term or geographic name as entry element | Real analysis |
| 700 ## - ADDED ENTRY--PERSONAL NAME | |
| Personal name | Donsig, Allan P. |
| Numeration | |
| Titles and other words associated with a name | |
| 710 ## - ADDED ENTRY--CORPORATE NAME | |
| Corporate name or jurisdiction name as entry element | |
| Subordinate unit | |
| Location of meeting | |
| 711 ## - ADDED ENTRY--MEETING NAME | |
| Meeting name or jurisdiction name as entry element | |
| 720 ## - ADDED ENTRY--UNCONTROLLED NAME | |
| Name | |
| 730 ## - ADDED ENTRY--UNIFORM TITLE | |
| Uniform title | |
| 740 ## - ADDED ENTRY--UNCONTROLLED RELATED/ANALYTICAL TITLE | |
| Uncontrolled related/analytical title | |
| 752 ## - ADDED ENTRY--HIERARCHICAL PLACE NAME | |
| Country or larger entity | |
| 856 ## - ELECTRONIC LOCATION AND ACCESS | |
| Host name | |
| Path | |
| Electronic name | |
| 904 ## - LOCAL DATA ELEMENT D, LDD (RLIN) | |
| a | |
| 964 ## - | |
| -- | |
| -- | ENG |
| -- | |
| -- | |
| -- | |
| -- | |
| -- | |
| 965 ## - | |
| -- | |
| Withdrawn status | Lost status | Damaged status | Not for loan | Home library | Current library | Date acquired | Total Checkouts | Full call number | Barcode | Date last seen | Date checked out | Price effective from | Koha item type |
|---|---|---|---|---|---|---|---|---|---|---|---|---|---|
| Central University Of Rajasthan | Central University Of Rajasthan | 14/02/2017 | 2 | 515 D28R | 29004 | 04/08/2025 | 23/07/2025 | 02/09/2020 | Books |
